I warned my countrymen; (Record no. 79122)

MARC details
000 -LEADER
fixed length control field 00801cam a22002411 4500
001 - CONTROL NUMBER
control field sa 68002963
003 - CONTROL NUMBER IDENTIFIER
control field DLC
005 - DATE AND TIME OF LATEST TRANSACTION
control field 20260227112448.0
008 - FIXED-LENGTH DATA ELEMENTS--GENERAL INFORMATION
fixed length control field 710903s1968 ii ac 000 0aeng
010 ## - LIBRARY OF CONGRESS CONTROL NUMBER
LC control number sa 68002963
025 ## - OVERSEAS ACQUISITION NUMBER
Overseas acquisition number PL480:I-E-9658
040 ## - CATALOGING SOURCE
Original cataloging agency DLC
Transcribing agency DLC
Modifying agency DLC
050 00 - LIBRARY OF CONGRESS CALL NUMBER
Classification number DS481.B6
Item number A2 1968
082 00 - DEWEY DECIMAL CLASSIFICATION NUMBER
Classification number 954.03/5/08
100 1# - MAIN ENTRY--PERSONAL NAME
Personal name Bose, Sarat Chandra,
Dates associated with a name 1889-1950.
245 10 - TITLE STATEMENT
Title I warned my countrymen;
Statement of responsibility, etc. being the collected works, 1945-50, of Sarat Chandra Bose. [Compiled and edited for Netaji Research Bureau of Sister K. Bose.
250 ## - EDITION STATEMENT
Edition statement 1st ed.]
260 ## - PUBLICATION, DISTRIBUTION, ETC.
Place of publication, distribution, etc. Calcutta,
Name of publisher, distributor, etc. Netaji Research Bureau
Date of publication, distribution, etc. [1968]
300 ## - PHYSICAL DESCRIPTION
Extent xiv, 354 p.
Other physical details illus., port.
Dimensions 23 cm.
350 ## - PRICE (NR) (BK AM CF MU VM SE) [OBSOLETE]
Price Rs15
-- $4
600 10 - SUBJECT ADDED ENTRY--PERSONAL NAME
Personal name Bose, Sarat Chandra,
Dates associated with a name 1889-1950.
700 1# - ADDED ENTRY--PERSONAL NAME
Personal name Bose, Sisir Kumar,
Dates associated with a name 1920-2000.

No items available.

Powered by Koha